| 000 | 00462nam a2200169 i 4500 | ||
|---|---|---|---|
| 001 | 93241 | ||
| 003 | ES-MaACL | ||
| 005 | 20230906181144.0 | ||
| 007 | t| | ||
| 008 | 050408s1953 sp ||||1| spa d | ||
| 080 | _a821.134.2-31"19" | ||
| 100 | 1 |
_aLopera, Francisco. _973284 |
|
| 245 | 1 | 0 |
_aSueños de mujer : _bnovela / _cFrancisco Lopera. |
| 260 |
_aMadrid : _b[s.n.], _c1953 ( _fGráf. La Torre) |
||
| 300 |
_a155 p. ; _c17 cm. |
||
| 852 | 4 |
_aES-MaACL _jC-10107 |
|
| 999 |
_c93241 _d93241 |
||